000 00806nam a2200241Ia 4500
003 OSt
005 20220923221952.0
006 a|||||r|||| 00| 0
007 ta
008 220922b |||||||| |||| 00| 0 hin d
024 _a201,380
037 _cTextual
040 _aARTS
_cARTS
_bhin
041 _2hin
_ahin
082 _aV2:51y7N17, 152K8
100 _aगुप्त, तनसुख राम
245 0 _aदीनदयाल उपाध्याय महाप्रस्थान
246 _aDīnadayāl upādhyāya hināprasthāna
260 _aदिल्ली
_b सूर्य प्रकाशन
_c1968
300 _a120पृ.
_ccm.
942 _hV2:51y7N17, 152K8
_cTEXL
_2CC
999 _c353033
_d353033